Регионална библиотека "Любен Каравелов" - Русе

Според тази книга ти си гений математик (Запис номер 391731)

MARC детайли
000 -Лидер
Контролно поле с фиксирана дължина 01607nam a2200325 a 4500
003 - Код на организацията, давaща контролен номер
Контролно поле BLK
005 - Дата и час на последна редакция
Контролно поле 20250221140504.0
008 - Елементи от данни с фиксирана дължина
fixed length control field 201124b bu |||||r|||| 00| | bu d
020 ## - Международен стандартен номер на книга ISBN
Международен стандартен номер на книга ISBN 9786192460297
040 ## - Източник на каталожния запис
Идентификатор на билиотеката - собственик на записа BLK
041 ## - Код за език
Код за езика на текст/звукозапис или на отделно заглавие Български
Код за езика КДБФ Български
080 ## - УДК
Текстов определител УДК Математика - учебници за основни училища
УДК код - определител по УДК 373.3.016:51
УДК - код + определител 373.3.016:51
100 ## - Редна дума - Автор
R(LIN) 1299
Автор Амсън-Брадшоу, Джорджия
Авторска отговорност първи автор
139 ## - Редно поле
Редна дума Амсън-Брадшоу, Джорджия
Авторски знак Амн - А 63
245 ## - Сведения за заглавието
Заглавие Според тази книга ти си гений математик
Подзаглавни данни експериментирай, използвай въображението си, създавай : страници, които да запълниш със своите идеи
Редно поле (дума) Джорджия Амсън-Брадшоу ; ил. Хариет Ръсъл ; прев. от англ. Иван Найденов
257 ## - Страна на издаване
Страна на създаване/издаване Великобритания
260 ## - Област на издателските данни
9 (RLIN) 402164
Място на издаване, разпространение и проч. София
Име на издателя, разпространителя и проч. Робертино
Година на издаване 2020
Печатница София : Алианс принт
300 ## - Физическа характеристика
Размери/Мащаб 25 см
Страници 96 с.
Илюстрации и др. с цв. ил.
380 ## - Жанр
Жанр Детска отраслова лит.
500 ## - Общи забележки
Забележка Ориг. загл.: This book thinks you're a maths genius / Georgia Amson-Bradshaw
653 #7 - Ключова дума – ненормативна
9 (RLIN) 186804
Ключова дума занимателна математика
700 ## - Други автори (авторска отговорност)
9 (RLIN) 1637
Лично име Ръсъл, Хариет
Автороска отговорност (Описва отношението между автора и произведението) худож.
700 ## - Други автори (авторска отговорност)
9 (RLIN) 1021
Лично име Найденов, Иван
Автороска отговорност (Описва отношението между автора и произведението) прев. от англ.
852 ## - Местоположение
Форматна сигнатура Цб 305746
Фондова буква Хранилище
852 ## - Местоположение
Фондова буква Детски отдел
Систематично-азбучна сигнатура 373.3.016:51/А 63 Д
999 ## - СИСТЕМНИ КОНТРОЛНИ НОМЕРА
Koha biblionumber 391731
Koha biblioitemnumber 391731
942 ## - АРТИКУЛИ
Вид на библиотечния материал Книги
Скрит в OPAC Не
Периодичен библиозапис Да
Koha issues (borrowed), all copies 6
944 ## - СЪЗДАВАНЕ И РЕДАКЦИЯ на ЗАПИСА
Създаване/Редакция Създаване
Служител, извършил регистрацията/редакцията 30551
Статус, дата на статуса Бояна Костадинова
999 ## - СИСТЕМНИ КОНТРОЛНИ НОМЕРА
Koha biblioitemnumber 391731
999 ## - СИСТЕМНИ КОНТРОЛНИ НОМЕРА
Koha biblioitemnumber 391731
Наличности
Код за отписване Код за изгубен артикул Източник на класификационната схема Код за повреда Коз за рестрикции Код за отдаване Артикулен № Име на библиотеката - собственик Име на библиотеката, в която се намира в момента Статус (Текущо местоположение) Дата на вписване в системата Местоположение - отдел Цена в лева Систематично азбучна сигнатура Баркод Цена в евро Служебен тип на артикула
  Не е изгубен Universal Decimal Classification Не е повреден само за читалня ползва се в читалня 813294 Регионална библиотека "Любен Каравелов" Русе Регионална библиотека "Любен Каравелов" Русе Хранилище 2021-02-24 Хранилище 12.00 Цб 305746 120000850805 6.14 Книги
  Не е изгубен Universal Decimal Classification Не е повреден без рестрикции заемане за дома 857187 Регионална библиотека "Любен Каравелов" Русе Регионална библиотека "Любен Каравелов" Русе Детски отдел 2021-10-12 Детски отдел 7.20 373.3.016:51/А 63 Д 120000860226 3.68 Книги
  Не е изгубен Universal Decimal Classification Не е повреден без рестрикции заемане за дома 857188 Регионална библиотека "Любен Каравелов" Русе Регионална библиотека "Любен Каравелов" Русе Детски отдел 2021-10-12 Детски отдел 7.20 373.3.016:51/А 63 Д 120000860225 3.68 Книги
Vip Innovations Ltd, Rousse, Bulgaria 2025